| 000 | 00991nam a2200301 i 4500 | ||
|---|---|---|---|
| 001 | 016195954 | ||
| 003 | EG-ScBUE | ||
| 005 | 20230306023601.0 | ||
| 008 | 121018s2022 enka f b 001 0 eng d | ||
| 020 | _a9781847946249 (pbk.) | ||
| 040 |
_aStDuBDS _beng _erda _cStDuBDS _dUk _dEG-ScBUE |
||
| 082 | 0 | 4 |
_a152.33 _222 _bDUH |
| 100 | 1 |
_aDuhigg, Charles, _eauthor. |
|
| 245 | 1 | 4 |
_aThe power of habit : _bwhy we do what we do and how to change / _cCharles Duhigg. |
| 264 | 1 |
_aLondon : _bPenguin Books, _c2022. |
|
| 300 |
_axx, 379 pages : _billustrations ; _c20 cm |
||
| 336 |
_atext _2rdacontent _btxt |
||
| 337 |
_aunmediated _2rdamedia _bn |
||
| 338 |
_avolume _2rdacarrier _bnc |
||
| 500 | _aOriginally published: London: William Heinemann, 2012. | ||
| 504 | _aIncludes bibliographical references and index. | ||
| 650 | 7 |
_aHabit. _2BUEsh |
|
| 650 | 7 |
_aHabit breaking. _2BUEsh |
|
| 653 |
_bHHUUPPSS _cMarch2023 |
||
| 655 | _vReading book | ||
| 942 |
_2ddc _cBB |
||
| 999 |
_c30199 _d30170 |
||